Voluntarismo y formalismo en el derecho. Joaquín Costa, antípoda de Kelsen.
Guardat en:
| Autor principal: | |
|---|---|
| Altres autors: | |
| Format: | Llibre |
| Idioma: | anglès |
| Publicat: |
Madrid, España:
Real Academia de Ciencias Morales y Políticas,
1986.
|
| Matèries: | |
| Etiquetes: |
Afegir etiqueta
Sense etiquetes, Sigues el primer a etiquetar aquest registre!
|
MARC
| LEADER | 00000nam a22000007a 4500 | ||
|---|---|---|---|
| 003 | CL-VaPUC | ||
| 005 | 20220822114756.0 | ||
| 008 | 220801t1986 ||||| |||| 00| 0 eng d | ||
| 999 | |c 437820 |d 437818 | ||
| 040 | |c Pontificia Universidad Católica de Valparaíso | ||
| 082 | |2 22 |a 340.11 VAL 1986 | ||
| 100 | |9 258258 |a Vallet de Goytisolo, Juan B. |e autor | ||
| 245 | |a Voluntarismo y formalismo en el derecho. |b Joaquín Costa, antípoda de Kelsen. | ||
| 260 | |a Madrid, España: |b Real Academia de Ciencias Morales y Políticas, |c 1986. | ||
| 300 | |a 189 páginas. | ||
| 500 | |a c.1 Donación Familia Prof. Alejandro Guzmán Brito. | ||
| 518 | |a Discurso leído el día 4 de nov. de 1986 en el acto de su recepción pública como académico de número por el Excelentísimo Señor Don Juan Vallet de Goytisolo y discurso de contestación del académico Excmo. Sr. D. Alfonso García Valdecasas. | ||
| 583 | |c 20220801 |k Yessy Sthefany Diaz Vidal | ||
| 650 | 0 | |9 255050 |a Filosofía del derecho |v Conferencias | |
| 650 | 0 | |9 255686 |a Libertad |x Derecho |v Conferencias | |
| 700 | |9 874498 |a García Valdecasas, Alfonso |e autor | ||
| 942 | |2 ddc |c BK |n 0 | ||
| 952 | |0 0 |1 0 |2 ddc |4 0 |6 340_110000000000000_VAL_1986 |7 0 |8 C_AGB |9 585649 |a BIBDER |b BIBDER |d 2022-08-01 |e Donación |i 5653579 |o 340.11 VAL 1986 |p 5653579 |r 2023-01-25 |t 1 |w 2022-08-01 |y BK_US |k AGB | ||